Finance na rozjezd malého a středního podnikání

Pri rozbehu vlastnej podnikateľskej činnosti sú okrem nevyhnutného know-how potrebné aj finančné zdroje. Vlastných finančných zdrojov je obvykle nedostatok a tak je nutné poobzerať sa po zdrojoch externých. Aké sú v tejto oblasti možnosti v Česku.

Uložené v:
Podrobná bibliografia
Hlavný autor: Šoba, Oldřich
Médium: Kapitola
Jazyk:Czech
Predmet:
Tagy: Pridať tag
Žiadne tagy, Buďte prvý, kto otaguje tento záznam!

MARC

LEADER 00000naa$a2200000$$$4500
001 0076304
005 20230804110529.5
041 0 |a cze 
044 |a CZ 
245 1 0 |a Finance na rozjezd malého a středního podnikání  |c Oldřich Šoba 
520 |a Pri rozbehu vlastnej podnikateľskej činnosti sú okrem nevyhnutného know-how potrebné aj finančné zdroje. Vlastných finančných zdrojov je obvykle nedostatok a tak je nutné poobzerať sa po zdrojoch externých. Aké sú v tejto oblasti možnosti v Česku. 
610 2 0 |a podnikanie malé 
610 2 0 |a podnikanie stredné 
610 2 0 |a zdroje finančné vlastné 
610 2 0 |a zdroje finančné cudzie 
610 2 0 |a Česko 
100 1 |a Šoba, Oldřich